Loading...
| Fine Arts - Classical Music | 1 | 20.00 | 100% | 100% | 0% |
| Fine Arts - Other | 1 | 0.00 | 0% | 0% | 0% |
| Fine Arts - Painting and Sculpture | 4 | 12.50 | 75% | 50% | 0% |
| History - American | 3 | 16.67 | 100% | 67% | 0% |
| History - European | 1 | 10.00 | 100% | 0% | 0% |
| History - Other | 1 | 10.00 | 100% | 0% | 0% |
| History - World | 4 | 0.00 | 0% | 0% | 0% |
| Literature - American | 5 | 6.00 | 60% | 0% | 0% |
| Literature - British | 1 | 10.00 | 100% | 0% | 0% |
| Literature - European | 1 | 0.00 | 0% | 0% | 0% |
| Literature - World | 3 | 3.33 | 33% | 0% | 0% |
| Mythology | 2 | 10.00 | 100% | 0% | 0% |
| Other Academic | 2 | 0.00 | 0% | 0% | 0% |
| Philosophy | 2 | 10.00 | 0% | 50% | 50% |
| Religion | 3 | 13.33 | 67% | 33% | 33% |
| Science - Biology | 2 | 10.00 | 100% | 0% | 0% |
| Science - Chemistry | 6 | 10.00 | 83% | 17% | 0% |
| Science - Other | 4 | 10.00 | 100% | 0% | 0% |
| Science - Physics | 1 | 10.00 | 100% | 0% | 0% |
| Social Science | 1 | 10.00 | 100% | 0% | 0% |